000 01119nam a2200313 c 4500
003 BLK
005 20231117141504.0
008 180408b bul|||||r ||||||| ||bul||
010 _aKNG00070453000
040 _aBLK
041 _aBUL
_cBUL
080 _aБългарска литература
_b821.163.2
_x-31
_z821.163.2-31
100 1 _aТренев, Иван
_eпърви автор
_9292811
139 _aТренев, Иван
_bТ 82
245 1 0 _aНаследниците на Иван Асен ІІ
_bРоман
_cИван Тренев.
257 _aBGR
260 София
_bОФ
_c1987
_fВ. Търново : печ. Д. Найденов
300 _a439 с.
_c21 см
380 _aX
490 1 _aБългарски исторически романи
500 _aАвт. не е отбелязан на кор. - 50 200 тир.
653 _aисторически романи
852 _aЦб 150881
856 4 _qpdf
_u
856 4 _qpdf
_u
942 _cKNG
_n0
_08
944 _aCR
_c10.01.2007
_lЦветомила Тодорова
_k30576
944 _aED
_c18.05.2010
_lф /
_k
999 _c66165
_d66165